Т. 25; Кристаллохимия

গ্রন্থ-পঞ্জীর বিবরন
Parent link:Кристаллохимия/ Академия наук СССР (АН СССР), Всесоюзный институт научной и технической информации (ВИНИТИ). Т. 25.— , 1966-1993.— 0202-7984
ভাষা:রুশ
প্রকাশিত: 1991
বিষয়গুলি:
বিন্যাস: গ্রন্থ
KOHA link:https://koha.lib.tpu.ru/cgi-bin/koha/opac-detail.pl?biblionumber=204748

MARC

LEADER 00000nam2a2200000 4500
001 204748
005 20231101225232.0
035 |a (RuTPU)RU\TPU\book\223187 
035 |a RU\TPU\book\221265 
090 |a 204748 
100 |a 20111130d1991 k y0rusy50 ca 
101 0 |a rus 
102 |a RU 
105 |a a z 001zy 
200 0 |a Т. 25 
210 |d 1991 
215 |a 224 с.  |c ил. 
320 |a Библиогр.: с. 214-220 
461 1 |0 (RuTPU)RU\TPU\book\221399  |x 0202-7984  |t Кристаллохимия  |f Академия наук СССР (АН СССР), Всесоюзный институт научной и технической информации (ВИНИТИ)  |v Т. 25  |d 1966-1993  |s Кристаллохимия 
606 1 |a Кристаллохимия  |2 stltpush  |3 (RuTPU)RU\TPU\subj\16345  |9 42439 
610 1 |a силикаты 
610 1 |a кристаллохимические особенности 
610 1 |a разнообразие 
675 |a 548.3  |v 4 
801 1 |a RU  |b 63413507  |c 20111027 
801 2 |a RU  |b 63413507  |c 20171010  |g RCR 
942 |c BK